|
|
|
|
| LEADER |
00691nab a2200193 i 4500 |
| 001 |
acta4250 |
| 005 |
20250829094937.0 |
| 008 |
161015s1990 hu o 000 hun d |
| 040 |
|
|
|a SZTE Egyetemi Kiadványok Repozitórium
|b hun
|
| 041 |
|
|
|a hun
|
| 100 |
1 |
|
|a József Attila
|
| 245 |
1 |
0 |
|a Ős patkány terjeszt kórt miköztünk...
|h [elektronikus dokumentum] :
|b [vers] /
|c József Attila
|
| 260 |
|
|
|a Belvedere Meridionale
|b Szeged
|c 1990
|
| 300 |
|
|
|a 3
|
| 490 |
0 |
|
|a Belvedere Meridionale
|v 2 No. 6
|
| 650 |
|
4 |
|a Bölcsészettudományok
|
| 650 |
|
4 |
|a Nyelvek és irodalom
|
| 695 |
|
|
|a Magyar irodalom - vers
|
| 856 |
4 |
0 |
|u http://acta.bibl.u-szeged.hu/4250/1/belvedere_1990_006_003.pdf
|z Dokumentum-elérés
|